000 00815nam a2200253Ia 4500
003 OSt
005 20220923224555.0
006 a|||||r|||| 00| 0
007 ta
008 Pun
020 _c210
024 _a243,314
037 _b320, 08/10/2010, H.K. Prakashan
_cTextual
040 _aARTS
_cARTS
_bPun
041 _2Pun
_aPun
082 _aO153,3NDH,SA, P5
100 _aਡੁਮੇ੍ਵਵਾਲ, FਮFੋਰ ਸਿੰਘ
_9168110
245 0 _aਸੰਤਾਪ
260 _aਅੰਮ੍ਰਿਤਸਰ
_b ਗੁਰਮਤਿ ਪੁਸਤਕ
_c2005
300 _a328ਪੰ
_ccm.
650 _aਪੰਜਾਬੀ ਸਾਹਿਤ
942 _hO153,3NDH,SA, P5
_cTEXL
_2CC
999 _c372292
_d372292